header

The great turning (Record no. 225526)

MARC details
000 -LEADER
fixed length control field 01445nam a22003974a 4500
082 04 - DEWEY DECIMAL CLASSIFICATION NUMBER
Classification number 302/.14
100 1# - MAIN ENTRY--AUTHOR NAME
Personal name Korten, David C.
245 14 - TITLE STATEMENT
Title The great turning
250 ## - EDITION STATEMENT
Edition statement 1st ed.
260 ## - PUBLICATION, DISTRIBUTION, ETC. (IMPRINT)
Place of publication San Francisco, CA :
Name of publisher Berrett-Koehler ;
Place of publication Bloomfield, CT :
Name of publisher Kumarian Press,
Year of publication c2006.
300 ## - PHYSICAL DESCRIPTION
Number of Pages xi, 402 p.
650 #0 - SUBJECT ADDED ENTRY--TOPICAL TERM
Topical Term International cooperation.
Topical Term Sustainable development.
Topical Term Social ethics.
Topical Term Humanistic ethics.
Topical Term Social justice.
Topical Term Cooperation.
Topical Term Human ecology.
Topical Term Economic history.
856 40 - ELECTRONIC LOCATION AND ACCESS
Uniform Resource Identifier http://site.ebrary.com/lib/rucke/Doc?id=10205949

No items available.

© 2026 Rongo University
Contact us: librarian | system librarian | Rongo university